Ciencia del idioma y arte gramatical / (Registro nro. 11533)

Detalles MARC
000 -LIDER
fixed length control field 01376nam a22003617a 4500
001 - NÚMERO DE CONTROL
Identificador de número de control 1047
003 - IDENTIFICACDOR DE NÚMERO DE CONTROL
control field DO-SdBNP
005 - DATE AND TIME OF LATEST TRANSACTION
control field 20230330112709.0
007 - CAMPOS FIJOS DE DESCRIPCIÓN FÍSICA
fixed length control field 1047
008 - ELEMENTOS DE LONGITUD FIJA
fixed length control field 161011b 2008 ck || 00| 0 spa d
020 ## - ISBN
International Standard Book Number 9789586773768 (obra completa)
020 ## - ISBN
International Standard Book Number 9789586773775 (tomo I)
020 ## - ISBN
International Standard Book Number 9789586773782 (tomo II)
020 ## - ISBN
International Standard Book Number 9789586773799 (tomo III)
020 ## - ISBN
International Standard Book Number 9789586773805 (tomo IV)
020 ## - ISBN
International Standard Book Number 9789586773812 (tomo V)
040 ## - FUENTE DE CATALOGACIÓN
Agencia que crea de manera original el registro BPMSU
Idioma de catalogación spa
Agencia que realiza la transcripción BPMSU
082 #4 - NÚMERO DE CLASIFICACIÓN DECIMAL DE DEWEY
Classification number 465
Item number C268c 2008
Edition number 22
100 1# - ASIENTO PRINCIPAL -- NOMBRE PERSONAL
Nombre personal Cardona Prieto, Marcela.
245 10 - MENCIÓN DE TITULO
Título Ciencia del idioma y arte gramatical /
Mención de responsabilidad Marcela Cardona Prieto, Nohora María Cardona, Fabio Rodríguez Páez ; editor Gustavo de Elorza Martínez.
260 ## - PUBLICACIÓN, DISTRIBUCIÓN, ETC. (PIE DE IMPRENTA)
Lugar de publicación, distribución, etc Bogotá :
Nombre del editor, distribuidor, etc. Zamora Editores,
Fecha de publicación, distribución, etc 2008.
300 ## - DESCRIPCIÓN FÍSICA
Extensión 5 v. :
Otros detalles físicos il. ;
Dimensiones 27 cm.
Material complementario
505 0# - NOTA DE CONTENIDO
Información miscelánea v. 1
Título Competencia lingüística --
Información miscelánea v. 2
Título Competencia escritora y sistemas de compresión --
Información miscelánea v. 3
Título Competencia literaria --
Información miscelánea v. 4
Título Competencia ortográfica --
Información miscelánea v. 5
Título Competencia comunicativa.
590 ## - NOTA LOCAL
Enlace Inventariado, 2023/VM
650 #4 - ENCABEZAMIENTO DE MATERIA--TEMÁTICO
Término temático o nombre geográfico como elemento de entrada Español
Subdivisión temática general Gramática.
650 #4 - ENCABEZAMIENTO DE MATERIA--TEMÁTICO
Término temático o nombre geográfico como elemento de entrada Español
Subdivisión temática general Ortografía
650 #4 - ENCABEZAMIENTO DE MATERIA--TEMÁTICO
Término temático o nombre geográfico como elemento de entrada Español
Subdivisión temática general Verbo.
700 1# - ASIENTO SECUNDARIO -- NOMBRE PERSONAL
Nombre personal Elorza Martínez, Gustavo de,
Mención de responsabilidad ed.
ISSN
700 1# - ASIENTO SECUNDARIO -- NOMBRE PERSONAL
Nombre personal Cardona, Nohora María.
700 1# - ASIENTO SECUNDARIO -- NOMBRE PERSONAL
Nombre personal Rodríguez Páez, Fabio.
910 ## - VALIDACIÓN
Validación VMateo V. Control de calidad (BPMSU)
942 ## - ADDED ENTRY ELEMENTS (KOHA)
Source of classification or shelving scheme Dewey Decimal Classification
Koha item type Libros
Existencias
Withdrawn status Lost status Source of classification or shelving scheme Damaged status Not for loan Collection code Home library Current library Date acquired Source of acquisition Full call number Barcode Date last seen Copy number Price effective from Koha item type Total Checkouts
    Dewey Decimal Classification     Colección General Biblioteca Pública Metropolitana Salomé Ureña Biblioteca Pública Metropolitana Salomé Ureña 10/11/2016 Compra BPMSU CG 465 C268c 2008 BPMSU16100102 10/11/2016 v.1 10/11/2016 Libros  
    Dewey Decimal Classification     Colección General Biblioteca Pública Metropolitana Salomé Ureña Biblioteca Pública Metropolitana Salomé Ureña 01/24/2017 Compra BPMSU CG 465 C268c 2008 BPMSU17010791 01/24/2017 v.2 01/24/2017 Libros  
    Dewey Decimal Classification     Colección General Biblioteca Pública Metropolitana Salomé Ureña Biblioteca Pública Metropolitana Salomé Ureña 01/24/2017 Compra BPMSU CG 465 C268c 2008 BPMSU17010792 01/24/2017 v.3 01/24/2017 Libros  
    Dewey Decimal Classification     Colección General Biblioteca Pública Metropolitana Salomé Ureña Biblioteca Pública Metropolitana Salomé Ureña 01/24/2017 Compra BPMSU CG 465 C268c 2008 BPMSU17010793 01/24/2017 v.4 01/24/2017 Libros  
    Dewey Decimal Classification     Colección General Biblioteca Pública Metropolitana Salomé Ureña Biblioteca Pública Metropolitana Salomé Ureña 01/24/2017 Compra BPMSU CG 465 C268c 2008 BPMSU17010794 01/24/2017 v.5 01/24/2017 Libros  
    Dewey Decimal Classification     Colección General Biblioteca Pública Metropolitana Salomé Ureña Biblioteca Pública Metropolitana Salomé Ureña 10/11/2016 Compra BPMSU CG 465 C268c 2008 BPMSU23040001 04/03/2023 v.1, e.2 10/11/2016 Libros  
    Dewey Decimal Classification     Colección General Biblioteca Pública Metropolitana Salomé Ureña Biblioteca Pública Metropolitana Salomé Ureña 01/24/2017 Compra BPMSU CG 465 C268c 2008 BPM23040002 04/03/2023 v.2, e.2 01/24/2017 Libros  
    Dewey Decimal Classification     Colección General Biblioteca Pública Metropolitana Salomé Ureña Biblioteca Pública Metropolitana Salomé Ureña 01/24/2017 Compra BPMSU CG 465 C268c 2008 BPMSU23040003 04/03/2023 v.3, e.2 01/24/2017 Libros  
    Dewey Decimal Classification     Colección General Biblioteca Pública Metropolitana Salomé Ureña Biblioteca Pública Metropolitana Salomé Ureña 01/24/2017 Compra BPMSU CG 465 C268c 2008 BPMSU23040004 04/03/2023 v.4, e.2 01/24/2017 Libros  
    Dewey Decimal Classification     Colección General Biblioteca Pública Metropolitana Salomé Ureña Biblioteca Pública Metropolitana Salomé Ureña 01/24/2017 Compra BPMSU CG 465 C268c 2008 BPMSU23040005 04/03/2023 v.5, e.2 01/24/2017 Libros